| 000 | 00739ngm a2200193 a 4500 | ||
|---|---|---|---|
| 005 | 20210219153829.0 | ||
| 008 | 010918s1980 mx 006 aaspa d | ||
| 035 | _aUPN01000111717 | ||
| 049 | _aAV | ||
| 050 | 4 | _aPVI Q 1147 | |
| 245 | 0 | 0 | _aBuscando sólidos, líquidos y gases. |
| 260 |
_aMéxico : _bPelículas Ebesa [distribuidor], _c[198-?]. |
||
| 300 |
_a1 videocasete (VHS) (6 min.) : _bson., col. |
||
| 520 | _aEste sorprendente programa invita a los espectadores a la búsqueda de sólidos, líquidos y gases. Lo que todos los jóvenes deben de tener en mente es que todo lo que tocan, prueban o huelen cae en uno de estos tres grupos | ||
| 650 | 4 | _aSOLIDOS | |
| 650 | 4 | _aLIQUIDOS | |
| 650 | 4 | _aGASES | |
| 905 | _aAudiovisuales | ||
| 999 |
_c85625 _d85625 |
||